Uncivil City/ (Record no. 172738)

MARC details
000 -LEADER
fixed length control field 00602nam a22001937a 4500
005 - DATE AND TIME OF LATEST TRANSACTION
control field 20200212120350.0
010 ## - LCCN (DPL NO)
LC control number ENG-127703
020 ## - INTERNATIONAL STANDARD BOOK NUMBER
Terms of availability 1195.00
International Standard Book Number 9789353289409
035 ## - SYSTEM CONTROL NUMBER
System control number EN-111235
037 ## - SOURCE OF ACQUISITION
Source of stock number/acquisition DBAD/PUB
082 ## - DEWEY DECIMAL CLASSIFICATION NUMBER
Classification number 304.28095416
100 ## - MAIN ENTRY--PERSONAL NAME
Personal name Baviskar,Amita
245 ## - TITLE STATEMENT
Title Uncivil City/
Statement of responsibility, etc by Amita Baviskar
260 ## - PUBLICATION, DISTRIBUTION, ETC. (IMPRINT)
Place of publication, distribution, etc New Delhi
Date of publication, distribution, etc 2020
Name of publisher, distributor, etc Sage
270 ## - ADDRESS
Address B1/1-1 Mohan Cooperative Industrial Area Mathura Road
Postal code 110044
City New Delhi
300 ## - PHYSICAL DESCRIPTION
Extent xv;243p.
Other physical details 22cm(hb)
500 ## - GENERAL NOTE
General note includes bibliographical references and index<br/>
942 ## - ADDED ENTRY ELEMENTS (KOHA)
Source of classification or shelving scheme Dewey Decimal Classification
Item type English Books
Classification part 304.28095416
Call number suffix BAV
Holdings
Withdrawn status Lost status Not for loan Collection code Home library Current library Date acquired Source of acquisition Cost, normal purchase price Full call number Barcode Copy number Cost, replacement price Koha item type
      Non-fiction Central Library Central Library 12/02/2020 DBAD/PUB 1195.00 304.28095416 BAV EN-111235 1 1195.00 English Books

© Delhi Public Library
Hit Counter
free hit counter